000 nam a22 7a 4500
999 _c20480
_d20480
008 170119b xxu||||| |||| 00| 0 eng d
020 _a0395343232
050 _aHF 5686 .C8M67 1983
100 _aMoscove Stephen A.
_d1983
245 _aCost Accounting with managerial application
_cStephen A.Moscove
250 _a5th ed
260 _aDallas
_bHoughton
_c1983
300 _a314p;
_bill.;
_c28cm.
500 _aincludes index
942 _2lcc
_cBOOKS
_hHF 5686 .C8M67 1983
_k30589